000 00527nam a2200217Ia 4500
003 OSt
005 20230421144422.0
008 210423s2011 xx 000 0 und d
020 _a9780070619876
040 _cAL
041 _aeng
082 _a515.7
_223
_bRUDW
100 _aRUDIN (Walter).
_991569
245 _aReal and complex analysis.
250 _a3
260 _aNew Delhi
_bTata McGraw-hill
_c2011
300 _axiv,416
_bPB
365 _b395
_cINR
906 _aanalysis. ; complex ; Real
942 _2ddc
_cBK
999 _c160875
_d160875